Normal view
MARC view
- Stanley, Maximus
Entry Personal Name
001 - CONTROL NUMBER
- control field: 5224
003 - CONTROL NUMBER IDENTIFIER
- control field: OSt
005 - DATE AND TIME OF LATEST TRANSACTION
- control field: 20220618144111.0
008 - FIXED-LENGTH DATA ELEMENTS
- fixed length control field: 220618|| aca||aabn | a|a d
040 ## - CATALOGING SOURCE
- Original cataloging agency: OSt
- Transcribing agency: OSt
100 ## - HEADING--PERSONAL NAME
- Personal name: Stanley, Maximus
670 ## - SOURCE DATA FOUND
- Source citation: Work cat.: (OSt)17528: Stanley, Maximus, Agricultural engineering, 2020
